LEADER 01051nam0-22003491i-450- 001 990007899950403321 005 20040625141958.0 010 $a88-400-0693-1 035 $a000789995 035 $aFED01000789995 035 $a(Aleph)000789995FED01 035 $a000789995 100 $a20040625d2001----km-y0itay50------ba 101 0 $aita 102 $aIT 105 $a--------001cy 200 1 $aDall'editoria moderna all'editoria multimediale$eil testo, l'edizione, la lettura dal Seicento a oggi$fAlberto Cadioli 205 $a2. ed. agg. 210 $aMilano$cEdizioni Unicopli$d2001 215 $a95 p.$d20 cm 225 1 $aProspettive/Strumenti 610 0 $aEditoria$aSec. 18-20 610 0 $aLettura$aSec. 18-20 676 $a070.509033$v21$zita 700 1$aCadioli,$bAlberto$f<1952- >$0169339 801 0$aIT$bUNINA$gRICA$2UNIMARC 901 $aBK 912 $a990007899950403321 952 $a070.509033 CAD 1$b2496$fBFS 959 $aBFS 996 $aDall'editoria moderna all'editoria multimediale$9280575 997 $aUNINA LEADER 01326nam0-22003251i-4500 001 990001830560403321 005 20170302102923.0 035 $a000183056 035 $aFED01000183056 035 $a(Aleph)000183056FED01 035 $a000183056 100 $a20021010d1918----km-y0itay50------ba 101 0 $aita 200 1 $a1. Ricerca e separazione dell' acido cloridrico in presenza degli acidi bromico e iodico. 2. Ricerca qualitativa edeterminazione quantitativa degli acidi bromico e iodico in presenza di acido cloridrico, bromidrico e iodidrico$fAttilio Purgotti. 210 $aRoma$c...$d1918 215 $ap. 63-66$d24 cm 300 $aEstr. da: Gazzetta chimica italiana, 48,parte 2(1-2):63-66,1918. 610 0 $aChimica organica 676 $a547 700 1$aPurgotti,$bAttilio$068906 801 0$aIT$bUNINA$gRICA$2UNIMARC 901 $aBK 912 $a990001830560403321 952 $a60 547 B 23/45$b19739$fFAGBC 952 $a60 MISC. B 134/18$fFAGBC 952 $a60 MISC. B 4/32$b39281$fFAGBC 959 $aFAGBC 996 $a1. Ricerca e separazione dell' acido cloridrico in presenza degli acidi bromico e iodico. 2. Ricerca qualitativa edeterminazione quantitativa degli acidi bromico e iodico in presenza di acido cloridrico, bromidrico e iodidrico$9411810 997 $aUNINA DB $aING01